Fundamentals of finite element analysis (Record no. 176447)

000 -LEADER
fixed length control field 00382nam a2200133Ia 4500
008 - FIXED-LENGTH DATA ELEMENTS--GENERAL INFORMATION
fixed length control field 220217s9999||||xx |||||||||||||| ||und||
020 ## - INTERNATIONAL STANDARD BOOK NUMBER
International Standard Book Number 0-07-060122-4
082 ## - DEWEY DECIMAL CLASSIFICATION NUMBER
Classification number 620.001 51535
100 ## - MAIN ENTRY--PERSONAL NAME
Personal name Hutton, David, V
9 (RLIN) 5462
245 #0 - TITLE STATEMENT
Title Fundamentals of finite element analysis
260 ## - PUBLICATION, DISTRIBUTION, ETC.
Place of publication, distribution, etc. Tata mcgraw hill company Ltd
Name of publisher, distributor, etc. New Delhi
Date of publication, distribution, etc. 2006
300 ## - PHYSICAL DESCRIPTION
Other physical details 325
650 ## - SUBJECT ADDED ENTRY--TOPICAL TERM
Topical term or geographic name entry element MECHANICHAL
Holdings
Withdrawn status Lost status Damaged status Not for loan Collection code Home library Current library Shelving location Date acquired Full call number Barcode Date last seen Price effective from Koha item type
        Mechanical Engineering Central Library Central Library Book Cart 02/18/2022 620.001 51535 11636 02/18/2022 02/18/2022 Books

Powered by Koha